<?xml version="1.0" encoding="UTF-8"?>
<record
    xmlns:xsi="http://www.w3.org/2001/XMLSchema-instance"
    xsi:schemaLocation="http://www.loc.gov/MARC21/slim http://www.loc.gov/standards/marcxml/schema/MARC21slim.xsd"
    xmlns="http://www.loc.gov/MARC21/slim">

  <leader>00377    a2200109   4500</leader>
  <controlfield tag="001">ART_14018</controlfield>
  <controlfield tag="005">20260410161915.0</controlfield>
  <controlfield tag="008">260409a                                 </controlfield>
  <datafield tag="245" ind1="1" ind2="0">
    <subfield code="a">Decadencia regional y declinaci&#xF3;n urbana en el interior argentino</subfield>
  </datafield>
  <datafield tag="100" ind1="1" ind2=" ">
    <subfield code="a">Romero, Luis Alberto</subfield>
  </datafield>
  <datafield tag="773" ind1="0" ind2=" ">
    <subfield code="t">Revista Paraguaya de Sociolog&#xED;a</subfield>
    <subfield code="g">- A&#xF1;o 15, N&#xBA; 42/43 (mayo/dic. 1978)</subfield>
    <subfield code="w">REV13424</subfield>
  </datafield>
  <datafield tag="999" ind1=" " ind2=" ">
    <subfield code="c">27145</subfield>
    <subfield code="d">27145</subfield>
  </datafield>
</record>
